A balada dos pássaros e das serpentes (Record no. 15814)

MARC details
000 -Etiqueta do registo
Valores 00820nam a2200253 4500
010 ## - Número ISBN
ISBN 9789722366434
021 ## - Número do Depósito Legal
Número 473951/20
100 ## - Dados gerais de processamento
Dados gerais 20201209d2020 m y0pory50030103ba
200 1# - Titulo e menção de responsabilidade
Título próprio A balada dos pássaros e das serpentes
Primeira menção de responsabilidade Suzanne Collins
Outras menções de responsabilidade trad. Jaime Araújo
205 ## - Menção da edição
Edição 1ª ed.
210 #9 - Publicação
Local de publicação Lisboa
Nome do editor Presença,
Data de publicação 2020
215 ## - Descrição física 
Paginação / Volumes 439, [1] p.
Dimensões 23 cm
225 2# - Colecção 
Título próprio da colecção Via láctea)
304 ## - Nota relativa ao título
Texto de nota Tít. orig.: The ballad of songbirds and snakes
675 ## - CDU
Notação 087.5
Edição BN
Língua por
675 ## - CDU
Notação 821.111(73)-93"19/20"
Edição BN
Língua por
675 ## - CDU
Notação 821.111(73)-31"19/20"
Edição BN
Língua por
700 #1 - Autor principal (pessoa individual)
Apelido Collins,
Nome Suzanne,
Datas 1962-
702 #1 - Autor secundário (pessoa individual)
Apelido Araújo,
Nome Jaime
801 #0 - Fonte de origem
País PT
Agência BN
Regras de catalogação RPC
856 41 - Localização e acesso electrónico 
URL <a href="http://rnod.bnportugal.gov.pt/ImagesBN/winlibimg.aspx?skey=&doc=2061016&img=146041&save=true">http://rnod.bnportugal.gov.pt/ImagesBN/winlibimg.aspx?skey=&doc=2061016&img=146041&save=true</a>
990 ## - Elementos KOHA
Tipo de documento Livro
Holdings
Situação do levantamento Estado Biblioteca de origem Código de barras Cota Permissão de empréstimo Tipo de documento Forma de aquisição
    Biblioteca Municipal do Alandroal 15644/ 21 821.111(73)-311.9 COL   Livro Compra

Powered by Koha